| 000 | 00617nam a22001937a 4500 | ||
|---|---|---|---|
| 005 | 20160714101219.0 | ||
| 010 | _aENG-115426 | ||
| 020 |
_a9788192683140 _c250.00 |
||
| 035 | _aEN-98958 | ||
| 037 | _bDBAD/PUB | ||
| 082 | _a488.24 | ||
| 100 | _aAnuradha | ||
| 245 |
_aCommunicative english / _cby Anuradha and Meenal Batra |
||
| 260 |
_aKurushetra (Haryana) _bNirmal Publishing House _c2014 |
||
| 270 |
_aopp. Kurukshetra University IIIrd Gate, _bKurukshetra _e136119 |
||
| 300 |
_av,138p. _c23cm(pb) |
||
| 700 | _aBatra,Meenal | ||
| 942 |
_2ddc _cEN _h488.24 _mANU |
||
| 999 |
_c101273 _d101273 |
||